000 00678nas a2200229 4500
001 BR9208555
003 BR-BrBNA
005 20231205093124.0
007 ta
008 230509b bl.|||p| |||| 00| 00por d
040 _aBR-BrBNA
_bpor
_cBiblioteca Nacional de Agricultura
041 _a(Pt)
072 _aL72
100 1 _aGuimaraes, J.F.
245 1 _aContribuicao para o conhecimento dos parasitos de peixes do litoral do Estado da Bahia
650 _aTREMATODEO
650 _aPEIXE
650 _aBAHIA
773 0 _tNatura (Brazil)
_xISSN 0100-1833
_g(Jan-Dec 1977), v. 3(1-2) p. 49-62
_wBR9208555
909 _a202311
_bLúcia
_c55
_dLúcia Elande
942 _2AGRIS
_n0
_cANA
999 _c136349
_d136349